000 00285pab a2200109 454500
008 180718b xxu||||| |||| 00| 0 eng d
100 _aKhusro, A.M
245 _aAgenda for reform: no scope for its and buts
650 _aEconomic Development
773 _aFinancial Express
909 _a24058
999 _c24058
_d24058